Alentejanando (Record no. 46082)
[ view plain ]
| 000 -Etiqueta do registo | |
|---|---|
| Valores | 00572cam a2200217 4500 |
| 010 ## - Número ISBN | |
| ISBN | 9728661037 |
| 021 ## - Número do Depósito Legal | |
| Número | 176074/02 |
| 100 ## - Dados gerais de processamento | |
| Dados gerais | 20030217d2002 me y0pory5003 ba |
| 101 0# - Língua de publicação | |
| Língua | por |
| 102 ## - País de publicação | |
| País | PT |
| 200 1# - Titulo e menção de responsabilidade | |
| Título próprio | Alentejanando |
| Informação de outro título | estórias e sabores |
| Primeira menção de responsabilidade | Joaquim Pulga |
| Outras menções de responsabilidade | il. Rita Roberto |
| 205 ## - Menção da edição | |
| Edição | 2.ª ed. |
| 210 #9 - Publicação | |
| Local de publicação | Évora |
| Nome do editor | Casa do Sul, |
| Data de publicação | 2002 |
| 215 ## - Descrição física | |
| Paginação / Volumes | 125, [4] p. |
| Outras indicações físicas | il. |
| Dimensões | 21 cm |
| 675 ## - CDU | |
| Notação | 641.56(469.5)(083.1) |
| Edição | BN |
| Língua | por |
| 700 #1 - Autor principal | |
| Apelido | Pulga, |
| Nome | Joaquim, |
| Datas | 1953- |
| 702 #1 - Autor secundário | |
| Apelido | Roberto, |
| Nome | Rita |
| Função | 440 |
| 801 ## - Fonte de origem | |
| País | PT |
| Regras de catalogação | RPC |
| 990 ## - Elementos KOHA | |
| Tipo de documento | Livro |
| Aquisição | Empréstimo | Código de barras | Cota | Permissão de empréstimo | Tipo de documento |
|---|---|---|---|---|---|
| Biblioteca Escolar Doutor Hernâni Cidade | Biblioteca Escolar Doutor Hernâni Cidade | 82970 | 641.5 PUL CULINÀRIA | Livro |